=LDR 00000nam 2200000 4500 =001 INLIS000000000037760 =005 20130612143456 =008 ***********************************Ind** =035 ##$$0010-061300000037760 =041 ##$$a Ind =082 ##$$a 650 =090 ##$$a 650, Nov l =100 ##$$a Novitasari, Dyna =245 ##$$a 50 wirlaba potensial di bawah 10 juta, Dyna Novita =260 ##$$a 2010 $b Yogyakarta =300 ##$$a x, 300 hlm, ilus, 23 cm =650 ##$$a Bisnis =850 ##$$a NBPNMAT